Essential Dates to Know in Modern European History - Statistics

General Stats
  • This quiz has been taken 240 times
  • The average score is 21 of 36
Answer Stats
Hint Answer % Correct
World War I begins 1914
91%
World War I ends 1918
91%
World War II begins 1939
91%
World War II ends 1945
91%
The Berlin Wall comes down 1989
90%
Russian Revolution begins 1917
87%
The USSR collapses 1991
87%
Death of Stalin 1953
82%
THe Great Depression begins 1929
81%
The Moors and Jew are expelled from Spain; Columbus sails to the Americas 1492
78%
The Berlin Wall goes up 1961
78%
The French Revolution begins 1789
74%
End of the Hundred Years War; Constantinople falls to Ottomans 1453
69%
The Congress of Vienna is established 1815
64%
The German Empire is proclaimed 1871
62%
Martin Luther posts his Ninety Five Theses in Wittenberg 1517
58%
Revolutions erupt across Europe; Communist Manifesto published 1848
56%
The Thirty Years War ends with the Treaty of Westphalia 1648
49%
Austria-Hungary is formed with the Ausgleich 1867
49%
Death of Catherine the Great 1796
47%
The Crimean War Ends the Concert of Europe 1853
47%
Death of Elizabeth I 1603
46%
The Spanish Armada is defeated 1588
45%
English Civil War begins 1642
44%
Act of Supremacy establishes the Church of England 1534
40%
Ottoman Turks reach high water mark in Vienna 1683
40%
Glorious Revolution in England 1688
40%
The Sack of Rome ends the Renaissance 1527
38%
Edict of Nantes end the French Wars of Religion 1598
38%
Death of Louis XIV 1715
38%
The Bubonic Plague arrives in Italy 1347
36%
Newton Publishes Principia Mathematica 1687
36%
Peace of Utrecht ends the War of Spanish Succession 1713
36%
Peace of Augsburg allows Lutheranism in Holy Roman Empire 1555
35%
St. Bartholomew's Day Massacre begins French Wars of Religion 1572
35%
Death of Peter the Great 1725
27%
No matching quizzes found
Score Distribution
Percent of People with Each Score
Percentile by Number Answered
Your Score History
You have not taken this quiz